Reynolds's universal atlas of astronomy, geology, physical geography, the vegetable kingdom and natural philosophy : (Record no. 163426)

MARC details
000 -LEADER
campo de control de longitud fija 02247nam a22003495i 4500
001 - NÚMERO DE CONTROL
campo de control 163426
003 - IDENTIFICADOR DE NÚMERO DE CONTROL
campo de control ES-MaACL
005 - FECHA Y HORA DE LA ÚLTIMA TRANSACCIÓN
campo de control 20250825062644.0
008 - DATOS DE LONGITUD FIJA--INFORMACIÓN GENERAL
campo de control de longitud fija 050727q1860 xxkabfd| |||||||| ||eng d
040 ## - FUENTE DE CATALOGACIÓN
Centro catalogador/agencia de origen CAM
Lengua de catalogación spa
Centro/agencia transcriptor CAM
245 00 - MENCIÓN DEL TÍTULO
Título Reynolds's universal atlas of astronomy, geology, physical geography, the vegetable kingdom and natural philosophy :
Resto del título comprising four hundred coloured maps and diagrams with popular descriptions
246 1# - FORMA VARIANTE DEL TITULO
Texto de visualización Tít.. de cub.:
Título propio/Titulo breve Universal atlas of science
260 ## - PUBLICACIÓN, DISTRIBUCIÓN, ETC.
Lugar de publicación, distribución, etc. London :
Nombre del editor, distribuidor, etc. published by James Reynolds,
Fecha de publicación, distribución, etc. [ca. 1860]
300 ## - DESCRIPCIÓN FÍSICA
Extensión 1 volumen (paginación varada) :
Otras características físicas mapas, ilustraciones (negro y color) ;
Dimensiones 22 cm
500 ## - NOTA GENERAL
Nota general Atlas universal de astronomía, geología, geografía física, reino vegetal y filosofía natural: comprende cuatrocientos mapas iluminados y diagramas, con descripciones populares
505 0# - NOTA DE CONTENIDO CON FORMATO
Nota de contenido con formato Popular astronomy: a description of the principal phenomena of astronomy. Pictorial and descriptive atlas of geology... / revised by John Morris. Polular sketch of the vegetable kingdom. Laws of matter and motion. Mechanical powers. Hydrostatics. Hudraulics. Pneumatics. Optics. Electricity. Magnetism
530 ## - NOTA DISPONIBLE DE FORMULARIO FÍSICO ADICIONAL
Nota de formato físico adicional disponible Disponible en formato digital
599 ## - NOTA A LAS ILUSTRACIONES
NOTA A LAS ILUSTRACIONES Numerosa láminas coloreadas, algunas de ellas dobles, con mapas terrestres, mapas astronómicos, plantas, paisajes, aparatos de física...
650 #7 - PUNTO DE ACCESO ADICIONAL DE MATERIA--TÉRMINO DE MATERIA
Término de materia o nombre geográfico como elemento de entrada Atlas
Fuente del encabezamiento o término embne
9 (RLIN) 10407
650 #4 - PUNTO DE ACCESO ADICIONAL DE MATERIA--TÉRMINO DE MATERIA
Término de materia o nombre geográfico como elemento de entrada Astronomía-
Subdivisión de forma Atlas
9 (RLIN) 10387
650 #7 - PUNTO DE ACCESO ADICIONAL DE MATERIA--TÉRMINO DE MATERIA
Término de materia o nombre geográfico como elemento de entrada Plantas
Fuente del encabezamiento o término embne
9 (RLIN) 146656
655 #7 - TERMINO DE INDIZACIÓN--GENERO/FORMA
Datos o término principal de género/forma Libros ilustrados
Fuente del término tgfbne
9 (RLIN) 193653
700 1# - ENTRADA AGREGADA--NOMBRE PERSONAL
Nombre de persona Reynolds, James
Término indicativo de función/relación Editor
9 (RLIN) 131761
700 1# - ENTRADA AGREGADA--NOMBRE PERSONAL
Nombre de persona Morris, John,
Fechas asociadas al nombre 1810-1886
Término indicativo de función/relación Revisor
9 (RLIN) 241390
752 ## - ENTRADA AGREGADA--NOMBRE JERÁRQUICO DEL LUGAR
País o entidad superior Gran Bretaña -
Ciudad Londres
852 ## - LOCALIZACIÓN
Ubicación ES-MaACL
Ubicación en estantería Depósito 2
Marcas de propiedad Ex-libris ms. de Joseph William Retortillo
Anotaciones manuscritas Ded. "Joseph Retortillo from his uncle Pepe, Cádiz 25th. November 1870, Friday"
Número de control de estantería G-4790
Encuadernación Holandesa, conservando enc. original
856 ## - LOCALIZACIÓN Y ACCESO ELECTRÓNICOS
Identificador Uniforme de Recursos <a href="https://bdh-rd.bne.es/viewer.vm?id=0000001575&page=1">https://bdh-rd.bne.es/viewer.vm?id=0000001575&page=1</a>
Texto de enlace Versión en línea
Nota pública (Biblioteca Digital Hispánica)
856 ## - LOCALIZACIÓN Y ACCESO ELECTRÓNICOS
Identificador Uniforme de Recursos <a href="https://archive.org/details/reynoldssunivers00reynrich/page/n5/mode/2up">https://archive.org/details/reynoldssunivers00reynrich/page/n5/mode/2up</a>
Texto de enlace Versión en línea
Nota pública (Internet Archive)
942 ## - ELEMENTOS DE ENTRADA SECUNDARIOS (KOHA)
Fuente del sistema de clasificación o colocación Clasificación decimal universal
Tipo de ítem Koha Libro impreso antiguo
Suprimir en OPAC No
Holdings
Estatus retirado Estado de pérdida Estado de daño No para préstamo Colección Biblioteca de origen Biblioteca actual Ubicación en estantería Fecha de adquisición Fuente de adquisición Total de préstamos Signatura topográfica completa Código de barras Visto por última vez Precio de reemplazo Tipo de ítem Koha
        Libros del s. XIX Biblioteca del Ateneo de Madrid Biblioteca del Ateneo de Madrid Depósito 2 17/01/2008     G-4790 1171255 23/02/2023 23/02/2023 Libro impreso antiguo